000 00906cam a22002651 4500
001 ca 30001430
003 DLC
005 20260227111124.0
008 920622s1923 ag b 000 0 spa
010 _aca 30001430
035 _a(OCoLC)26057099
040 _aDLC
_cInU
_dInU
_dDLC
042 _apremarc
050 0 0 _aQD18.A7
_bH4
082 _a540.982
100 2 _aHerrero Ducloux, Enrique,
_d1877-
245 1 0 _aEvolución de las ciencias en la República Argentina.
_nIII.
_pLas ciencias químicas,
_cpor el dr Enrique Herrero Ducloux.
260 _aBuenos Aires,
_b"Coni",
_c1923.
300 _a75 p., 1 l.
_c26 cm.
500 _aAt head of title: Cinquentenario de la Sociedad científica argentina (1872-1922)
504 _a"Bibliografía selecta": p. [48]-75.
650 0 _aChemistry
_xHistory
_zArgentina.
650 0 _aChemistry
_vBibliography.
710 2 _aSociedad Científica Argentina.
999 _c16725
_d16725